| 000 | 00523nam a22001697a 4500 | ||
|---|---|---|---|
| 003 | MACL | ||
| 005 | 20160228125507.0 | ||
| 008 | 160228b xxu||||| |||| 00| 0 eng d | ||
| 040 | _cMACL | ||
| 041 | _aHindi | ||
| 082 | _a800 | ||
| 100 |
_aये पे चेलिशेव _940960 |
||
| 245 | _aसूर्यकान्त त्रिपाठी निराला | ||
| 260 |
_aदिल्ली _bराजपाल एण्ड संस _c1982 |
||
| 650 |
_aLiteracture _939932 |
||
| 942 |
_2ddc _cHIN |
||
| 999 |
_c53414 _d53414 |
||